000 00239nam a22000857a 4500
008 170113b xxu||||| |||| 00| 0 eng d
100 _92401
_aMadan. M
245 _aLog on : To the Computer world-5
260 _aNew Delhi
_bNavdeep Publication
_c2004
999 _c5424
_d5424